| 000 | 01058cam a22003137a 4500 | ||
|---|---|---|---|
| 003 | CHAP | ||
| 005 | 20220329132938.0 | ||
| 008 | 971013s1988 r 00010 d | ||
| 010 | _a534 | ||
| 011 | _a1506 | ||
| 035 | _a682 | ||
| 040 | _cCHAP | ||
| 082 |
_a300.18 _bG3 1988 |
||
| 100 | 0 | 0 |
_aGarza Mercado, Ario. _947105 |
| 245 | 0 | _aManual de técnicas de investigación para estudiantes de ciencias sociales | |
| 250 | _a4 ed. | ||
| 260 |
_aMéxico, D. F. : _bEl Colegio de México, _c1988 |
||
| 300 | _a351 p. | ||
| 590 |
_aBATCH-UPD _b10 _c20130110 _lUCH01 _h1116 |
||
| 590 |
_aBATCH-UPD _b10 _c20130410 _lUCH01 _h0706 |
||
| 590 |
_aBATCH-UPD _b10 _c20130914 _lUCH01 _h0937 |
||
| 590 |
_aCONVERSION _b10 _c20130109 _lUCH01 _h1302 |
||
| 650 | 1 | 4 |
_aCiencias sociales _xMetodología. _923230 |
| 650 | 1 | 4 |
_aInvestigación _xMetodología. _960237 |
| 901 | _aBK | ||
| 942 | _cLIBRO | ||
| 949 |
_a300.18 G3 1988 _bBC _cLIBRO _d33724000733077 _eLIBRO _gI. c/e _h77215 _i682 _si _t27.00 |
||
| 949 |
_a300.18 G3 1988 _bBC _cLIBRO _d33724000789293 _eLIBRO _fc.2 _h77216 _i682 _si _t27.00 |
||
| 999 |
_c534 _d534 |
||